[Event "Ocana op 1st"]
[Site "Ocana"]
[Date "2015.09.26"]
[Round "3"]
[White "Delgado, Gilbert Joaquin"]
[Black "Nino Sanchez, Wilson"]
[Result "1-0"]
[WhiteElo "1597"]
[BlackElo "1600"]
[PlyCount "87"]
[EventDate "2015.09.25"]
[EventType "swiss"]
[EventRounds "7"]
[EventCountry "COL"]
[SourceTitle "EXT 2016"]
[Source "ChessBase"]
[SourceDate "2015.10.08"]
[SourceVersion "1"]
[SourceVersionDate "2015.10.08"]
[SourceQuality "1"]

1. d4 d5 2. c4 e6 3. Nf3 Nf6 4. Nc3 Bd7 5. cxd5 Nxd5 6. e3 Nc6 7. Bc4 Ncb4 8. a3 Nxc3 9. bxc3 Nd5 10. Bxd5 exd5 11. 0-0 Be7 12. Qb3 Bc6 13. Ne5 Rb8 14. Rb1 0-0 15. a4 Bd6 16. Ba3 Bxa3 17. Nxc6 bxc6 18. Qxa3 Qd6 19. Qa2 c5 20. Qa3 cxd4 21. Qxd6 cxd6 22. cxd4 a5 23. h3 Rb4 24. Rxb4 axb4 25. Rb1 Rb8 26. a5 h6 27. a6 Ra8 28. Rxb4 Rxa6 29. Rb5 Ra1+ 30. Kh2 Ra2 31. Kg3 Ra6 32. Rxd5 f6 33. h4 Kf7 34. h5 Ke6 35. Rb5 Ra1 36. Kf3 Rh1 37. g4 Rg1 38. Rb7 f5 39. Rxg7 fxg4+ 40. Rxg4 Rxg4 41. Kxg4 d5 42. f3 Kf6 43. Kf4 Ke6 44. e4 1-0

[Event "Ocana op 1st"]
[Site "Ocana"]
[Date "2015.09.25"]
[Round "1"]
[White "Nino Lopez, Michael Fabian"]
[Black "Nino Sanchez, Wilson"]
[Result "1-0"]
[WhiteElo "1829"]
[BlackElo "1600"]
[PlyCount "67"]
[EventDate "2015.09.25"]
[EventType "swiss"]
[EventRounds "7"]
[EventCountry "COL"]
[SourceTitle "EXT 2016"]
[Source "ChessBase"]
[SourceDate "2015.10.08"]
[SourceVersion "1"]
[SourceVersionDate "2015.10.08"]
[SourceQuality "1"]

1. e4 e5 2. Nf3 Nc6 3. Bb5 Nf6 4. 0-0 Bc5 5. d3 h6 6. c3 0-0 7. h3 d6 8. Nbd2 Bd7 9. Re1 a6 10. Ba4 b5 11. Bc2 Re8 12. Nf1 d5 13. exd5 Nxd5 14. Ng3 Nf6 15. b4 Bb6 16. Bb2 a5 17. a3 axb4 18. cxb4 Nd4 19. Nxe5 Nxc2 20. Qxc2 Rc8 21. Nxd7 Qxd7 22. Rad1 c5 23. Rxe8+ Rxe8 24. bxc5 Ba5 25. c6 Qa7 26. d4 g6 27. d5 Nxd5 28. Rxd5 Qc7 29. Ne4 Kf8 30. Rd7 Qf4 31. Qc5+ Kg8 32. Nf6+ Qxf6 33. Bxf6 Re4 34. Qd5 1-0